Transparent PV-thermal and transparent PV-PV hybrid systems / (Record no. 25123)

MARC details
000 -LEADER
fixed length control field 00850ntm a22002297a 4500
005 - DATE AND TIME OF LATEST TRANSACTION
control field 20170814091810.0
008 - FIXED-LENGTH DATA ELEMENTS--GENERAL INFORMATION
fixed length control field 170802s2013 xx a frb 000 0 eng d
040 ## - CATALOGING SOURCE
Original cataloging agency EG-ScBUE
Language of cataloging eng
Transcribing agency EG-ScBUE
082 04 - DEWEY DECIMAL CLASSIFICATION NUMBER
Edition number 22
Classification number 621
Item number ARA
100 1# - MAIN ENTRY--PERSONAL NAME
Personal name Arafa, Tarek Abd el Aziz Kamal.
245 10 - TITLE STATEMENT
Title Transparent PV-thermal and transparent PV-PV hybrid systems /
Statement of responsibility, etc by Tarek Abd El Aziz Kamal Arafa.
260 ## - PUBLICATION, DISTRIBUTION, ETC. (IMPRINT)
Date of publication, distribution, etc 2013.
300 ## - PHYSICAL DESCRIPTION
Extent vi, 68 p. :
Other physical details ill. (col.) ;
Dimensions 28 cm.
500 ## - GENERAL NOTE
General note A dissertation submitted to the faculty of engineering, the British university in Egypt, in partial fulfillment of the requirements for the bachelor degree in mechanical engineering.
590 ## - LOCAL NOTE (RLIN)
Local note Aishaa
650 #7 - SUBJECT ADDED ENTRY--TOPICAL TERM
Source of heading or term BUEsh
Form subdivision Projects
Topical term or geographic name as entry element Mechanical Engineering.
653 ## - INDEX TERM--UNCONTROLLED
Resource For college Engineering, Mechanical
Arrived date list August2017
655 ## - INDEX TERM--GENRE/FORM
Form subdivision
700 1# - ADDED ENTRY--PERSONAL NAME
Personal name Saad, Bahy,
Relator term ths.
777 ## - TEST
tEST
942 ## - ADDED ENTRY ELEMENTS (KOHA)
Source of classification or shelving scheme Dewey Decimal Classification
Holdings
Withdrawn status Lost status Source of classification or shelving scheme Damaged status Not for loan Home library Current library Shelving location Date acquired Total Checkouts Full call number Barcode Date last seen Koha item type
    Dewey Decimal Classification     Central Library Central Library Second Floor 06/08/2017   621 ARA 000046275 15/07/2025 Projects - Students (NB)